Tarihte Mardin (Record no. 8961)

MARC details
000 -BAŞLIK
Sabit Uzunlukta Kontrol Alanı 00714na a2200229 4500
001 - KONTROL NUMARASI
Denetim Alanı 21772
003 - KONTROL NUMARASI IDENTIFIER
Denetim Alanı MIRAKIL
005 - SON İŞLEM TARİHİ VE ZAMANI
Denetim Alanı 20181213155229.0
008 - SABİT-BOY VERİ ELEMANLARI - GENEL BİLGİLER
Sabit Uzunlukta Kontrol Alanı 170207b tu 000 0
040 ## - KATALOGLAMA KAYNAK
Orijinal Kataloglama Ajansı Milas
Kataloglama Dili tur
Metne Dönüştürmek Ajansı TR-AnCHP
041 ## - DİL KODU
Metin / Ses Parça Veya Ayrı Başlığın Dil Kodu tur
082 ## - DEWEY ONLU SINIFLANDIRMA NUMARASI
Sınıflandırma Numarası 956.677
Ürün Numarası D85t 1972
090 ## - SINIFLAMA NUMARASI
Sınıflama Numarası 956.677 D85t 1972
100 ## - ANA GİRİŞ - KİŞİSEL İSİM
Kişisel Ad Dolapönü, Metropolit Hanna
Bir Adıyla İlişkilendirilen Tarihler 1885-
245 ## - BAŞLIK TABLOSU
Başlık Tarihte Mardin
Başlığın Kalan Itr el Nardin fi tarih Merdin
Sorumluluk Tablosu, Vb Metropolit Hanna Dolapönü: türkçeye uyarlayan P. Cebrail Aydın
260 ## - YAYIN, DAĞITIM, VB
Yayın, Dağıtım, Vb Yeri İstanbul
Yayıncı, Dağıtıcı, Vs Adı [yayl. y.]
Yayın, Dağıtım, Vb Tarihi 1972
Üretici Firma Hilal Matbaacılık
300 ## - FİZİKSEL TANIM
Kapsam 203 s.
Diğer Fiziksel Ayrıntıları fotg. ; hrt.
Boyutlar 23 sm.
651 ## - KONU KATMA GİRİŞ - COĞRAFİ ADI
Coğrafi İsim Mardin
Genel Alt Bölümü Tarih
651 ## - KONU KATMA GİRİŞ - COĞRAFİ ADI
Coğrafi İsim Türkiye
Genel Alt Bölümü Tarih
700 ## - KATMA GİRİŞ - KİŞİSEL İSİM
Kişisel Ad Aydın, P. Cebrail
942 ## - EKLENDİ GİRİŞ ELEMANLARI (KOHA)
Sınıflandırma Veya Raf Düzeni Kaynak Dewey Decimal Classification
Koha Öğesi Türü Books
999 ## - SİSTEM KONTROL NUMARALARI (KOHA)
Koha Biblionumber 8961
Koha Biblioitemnumber 8961
Holdings
Kalıcı Konum Mevcut Konum Edinme Tarihi Edinim Kaynak Toplam Check-Out'Lar Tam Çağrı Numarası Barkod Tarih Son Görülme İtibaren Geçerli Fiyatlar Koha Öğesi Türü
CHP Kütüphanesi CHP Kütüphanesi 02/07/2017 Bağış   956.677 D85t 1972 015579 02/07/2017 02/07/2017 Books